<?xml version="1.0" encoding="UTF-8"?>
<record
    xmlns:xsi="http://www.w3.org/2001/XMLSchema-instance"
    xsi:schemaLocation="http://www.loc.gov/MARC21/slim http://www.loc.gov/standards/marcxml/schema/MARC21slim.xsd"
    xmlns="http://www.loc.gov/MARC21/slim">

  <leader>01304cam a2200337 a 4500</leader>
  <controlfield tag="001">22379</controlfield>
  <controlfield tag="003">UkOxU</controlfield>
  <controlfield tag="005">20211209000811.0</controlfield>
  <controlfield tag="008">140308r19901973ja abf        000 0aeng d</controlfield>
  <datafield tag="020" ind1=" " ind2=" ">
    <subfield code="a">0804811237</subfield>
  </datafield>
  <datafield tag="035" ind1=" " ind2=" ">
    <subfield code="a">BD-RjUL)22444</subfield>
  </datafield>
  <datafield tag="040" ind1=" " ind2=" ">
    <subfield code="a">TOL</subfield>
    <subfield code="c">TOL</subfield>
    <subfield code="d">OCL</subfield>
    <subfield code="d">ZHM</subfield>
    <subfield code="d">BD-RjUL</subfield>
    <subfield code="b">eng</subfield>
  </datafield>
  <datafield tag="041" ind1="1" ind2=" ">
    <subfield code="a">eng</subfield>
    <subfield code="h">jap</subfield>
  </datafield>
  <datafield tag="082" ind1="0" ind2="4">
    <subfield code="a">895.609</subfield>
    <subfield code="b">MIG 1990</subfield>
  </datafield>
  <datafield tag="100" ind1="0" ind2=" ">
    <subfield code="a">Michitsuna no Haha,</subfield>
    <subfield code="d">approximately 935-995.</subfield>
    <subfield code="9">69096</subfield>
  </datafield>
  <datafield tag="245" ind1="1" ind2="4">
    <subfield code="a">The gossamer years  :</subfield>
    <subfield code="b">Kager&#x14D; nikki : the diary of a noblewoman of Heian Japan /</subfield>
    <subfield code="c">translated by Edward Seidensticker.</subfield>
  </datafield>
  <datafield tag="250" ind1=" " ind2=" ">
    <subfield code="a">1st Tut book ed.</subfield>
  </datafield>
  <datafield tag="260" ind1=" " ind2=" ">
    <subfield code="a">Tokyo ;</subfield>
    <subfield code="a">Rutland, Vt. :</subfield>
    <subfield code="b">C.E. Tuttle,</subfield>
    <subfield code="c">1973.</subfield>
  </datafield>
  <datafield tag="300" ind1=" " ind2=" ">
    <subfield code="a">201 p., [7] p. of plates :</subfield>
    <subfield code="b">ill., map ;</subfield>
    <subfield code="c">23 cm.</subfield>
  </datafield>
  <datafield tag="490" ind1="1" ind2=" ">
    <subfield code="a">UNESCO collection of representative works. Japanese series</subfield>
  </datafield>
  <datafield tag="490" ind1="0" ind2=" ">
    <subfield code="a">Tut books</subfield>
  </datafield>
  <datafield tag="500" ind1=" " ind2=" ">
    <subfield code="a">Translated from the Iwanami ed. of the Kager&#x14D; nikki published in 1957.</subfield>
  </datafield>
  <datafield tag="600" ind1="0" ind2="0">
    <subfield code="a">Michitsuna no Haha,</subfield>
    <subfield code="d">approximately 935-995</subfield>
    <subfield code="x">Diaries.</subfield>
    <subfield code="9">69110</subfield>
  </datafield>
  <datafield tag="650" ind1=" " ind2="0">
    <subfield code="a">Women authors, Japanese</subfield>
    <subfield code="y">Heian period, 794-1185</subfield>
    <subfield code="x">Diaries.</subfield>
    <subfield code="9">69098</subfield>
  </datafield>
  <datafield tag="651" ind1=" " ind2="0">
    <subfield code="a">Japan</subfield>
    <subfield code="x">Court and courtiers.</subfield>
    <subfield code="9">69099</subfield>
  </datafield>
  <datafield tag="700" ind1="1" ind2=" ">
    <subfield code="a">Seidensticker, Edward,</subfield>
    <subfield code="d">1921-2007</subfield>
    <subfield code="9">66037</subfield>
  </datafield>
  <datafield tag="740" ind1="0" ind2="1">
    <subfield code="a">Kager&#x14D; nikki.</subfield>
  </datafield>
  <datafield tag="830" ind1=" " ind2="0">
    <subfield code="a">UNESCO collection of representative works.</subfield>
    <subfield code="9">69111</subfield>
  </datafield>
  <datafield tag="942" ind1=" " ind2=" ">
    <subfield code="2">ddc</subfield>
    <subfield code="c">BK</subfield>
  </datafield>
  <datafield tag="999" ind1=" " ind2=" ">
    <subfield code="c">22379</subfield>
    <subfield code="d">22379</subfield>
  </datafield>
  <datafield tag="952" ind1=" " ind2=" ">
    <subfield code="0">0</subfield>
    <subfield code="1">0</subfield>
    <subfield code="2">ddc</subfield>
    <subfield code="4">0</subfield>
    <subfield code="7">2</subfield>
    <subfield code="8">FIC</subfield>
    <subfield code="a">RUCL</subfield>
    <subfield code="b">RUCL</subfield>
    <subfield code="c">Reading</subfield>
    <subfield code="d">1994-07-10</subfield>
    <subfield code="e">The Japan Fundation Fift</subfield>
    <subfield code="l">0</subfield>
    <subfield code="o">895.609 MIG 1990</subfield>
    <subfield code="r">2014-03-08 00:00:00</subfield>
    <subfield code="t">C-1</subfield>
    <subfield code="w">2014-03-08</subfield>
    <subfield code="y">BK</subfield>
  </datafield>
</record>
